[Event "WchT Seniors 50"]
[Site "Radebeul"]
[Date "2016.07.04"]
[Round "9.21"]
[White "Fuchs, Joachim"]
[Black "Dettmann, Holger"]
[Result "1/2-1/2"]
[WhiteElo "1819"]
[BlackElo "2040"]
[PlyCount "45"]
[EventDate "2016.06.26"]
[EventType "team-swiss"]
[EventRounds "9"]
[EventCountry "GER"]
[SourceTitle "CBM 173 Extra"]
[Source "ChessBase"]
[SourceDate "2016.08.29"]
[SourceVersion "1"]
[SourceVersionDate "2016.08.29"]
[SourceQuality "1"]
[WhiteTeam "Markkleeberg"]
[BlackTeam "Dettmann"]
[WhiteTeamCountry "GER"]
[BlackTeamCountry "GER"]

1. d4 Nf6 2. c4 c5 3. d5 b5 4. cxb5 a6 5. Nc3 axb5 6. e4 b4 7. Nb5 d6 8. Bf4 g6 9. Bd3 Bg7 10. Nf3 Nh5 11. Bc1 Nd7 12. 0-0 Nb6 13. Qc2 0-0 14. Bg5 h6 15. Be3 Nf6 16. Nd2 Ng4 17. Bf4 Ne5 18. Bxe5 Bxe5 19. Nc4 Bg7 20. a4 bxa3 21. Rxa3 Rxa3 22. Nbxa3 Ba6 23. b3 1/2-1/2

[Event "WchT Seniors 50"]
[Site "Radebeul"]
[Date "2016.07.03"]
[Round "8.16"]
[White "Fuchs, Joachim"]
[Black "Thoele, Wolfgang"]
[Result "1/2-1/2"]
[WhiteElo "1819"]
[BlackElo "1990"]
[PlyCount "31"]
[EventDate "2016.06.26"]
[EventType "team-swiss"]
[EventRounds "9"]
[EventCountry "GER"]
[SourceTitle "CBM 173 Extra"]
[Source "ChessBase"]
[SourceDate "2016.08.29"]
[SourceVersion "1"]
[SourceVersionDate "2016.08.29"]
[SourceQuality "1"]
[WhiteTeam "Markkleeberg"]
[BlackTeam "Bielefeld Rochade"]
[WhiteTeamCountry "GER"]
[BlackTeamCountry "GER"]

1. d4 d5 2. c4 e6 3. cxd5 exd5 4. Nf3 Nf6 5. Nc3 Nbd7 6. Bg5 c6 7. e3 Bd6 8. Bd3 h6 9. Bh4 0-0 10. 0-0 b6 11. Re1 Bb7 12. Rc1 Rc8 13. e4 dxe4 14. Nxe4 Be7 15. Ne5 Nxe4 16. Bxe7 1/2-1/2

[Event "Bad Woerishofen Seniors op 32nd"]
[Site "Bad Woerishofen"]
[Date "2016.02.28"]
[Round "3"]
[White "Fuchs, Joachim"]
[Black "Villing, Dieter"]
[Result "0-1"]
[WhiteElo "1884"]
[BlackElo "2055"]
[PlyCount "50"]
[EventDate "2016.02.26"]
[EventType "swiss"]
[EventRounds "9"]
[EventCountry "GER"]
[SourceTitle "EXT 2019"]
[Source "ChessBase"]
[SourceDate "2018.10.10"]
[SourceVersion "1"]
[SourceVersionDate "2018.10.10"]
[SourceQuality "1"]

1. d4 Nf6 2. c4 e6 3. Nc3 c5 4. d5 exd5 5. cxd5 d6 6. e4 g6 7. Nf3 Bg7 8. Bd3 0-0 9. 0-0 Bg4 10. h3 Bxf3 11. Qxf3 Nbd7 12. Qd1 a6 13. a4 Rc8 14. Qb3 Ne5 15. Bc4 Nh5 16. Ne2 Qh4 17. f4 Nxc4 18. Qxc4 f5 19. Bd2 Rce8 20. exf5 gxf5 21. Be1 Qe7 22. Nc3 Bd4+ 23. Kh2 Kh8 24. Bf2 Qg7 25. Be1 Rg8 0-1